LDR 00723naa#a2200193#i#450# 001 EN\\bibl\120432 005 20260418085511.6 011 ## _a2782-4586 100 ## _a20260331b2026####ek#y0engy0150####ca 102 ## _aRU 200 1# _aAnalysis of the current state and directions for improving the healthcare system in the republic of North Ossetia – Alania _eJournal article 210 1# _aMoscow _cITBO University _d2026 215 ## _a5 с. 608 ## _aJournal article _2local 675 ## _aЭкономические науки в целом. Политическая экономия. 330 _z 700 #1 _aKantemirova _gMira Aslangerievna 700 #1 _aHadarcev _gAslan Chermenovich 700 #1 _aAyshanov _gIslam Sultanovich 856 4# _azhpi.ru _u